Les marques alimentaires préférées des Français - Statistiques

Statistiques générales
  • Ce quiz a été pris 339 fois
  • Le résultat moyen est 2 sur 11
Statistiques - réponses
Hint Réponse % Correct
4e / 79 % Fleury Michon
18%
7e / 70 % Coca Cola
17%
8e / 69 % Harry's
16%
11e / 66 % La Laitière
16%
2e / 85 % Président
15%
6e / 74 % Amora
14%
10e / 67 % Le Gaulois
14%
9e / 67 % Lustucru
14%
1ère / 86 % Herta
12%
3e / 83 % Panzani
11%
5e / 74 % Bonduelle
10%
Aucun quiz correspondant
Distribution des résultats
% des personnes avec chaque résultat
Percentile par nombre de réponses
Votre historique - résultats
Vous n’avez pas pris ce quiz